[Event "11th Aeroflot Open B"]
[Site "Moscow RUS"]
[Date "2012.02.12"]
[Round "6"]
[White "Kunin,V"]
[Black "Romanko,M"]
[Result "1/2-1/2"]
[WhiteElo "2537"]
[BlackElo "2389"]

1.d4 d5 2.c4 c6 3.Nf3 Nf6 4.Nc3 e6 5.e3 Nbd7 6.Qc2 b6 7.g4 Nxg4 8.e4 dxe4
9.Qxe4 Ndf6 10.Qe2 Bb7 11.h3 Nh6 12.Bxh6 gxh6 13.O-O-O Rg8 14.Ne5 Nd7 15.Ne4 Qh4
16.Qe3 f5 17.Nd2 Nxe5 18.Qxe5 Qe7 19.c5 bxc5 20.Bc4 Rg6 21.Nb3 cxd4 22.Nxd4 Bg7
23.Qa5 Bxd4 24.Rxd4 c5 25.Rdd1 Bxh1 26.Rxh1 Rd8 27.Kb1 Kf8 28.a3 Rd4 29.Rc1 Rg2
30.Qe1 Qd6 31.Bxe6 Rd2 32.Bxf5 Rgxf2 33.Bc2 Qd4 34.Qe6 Rf6 35.Qc8+ Kg7 36.Qc7+ Rf7
37.Qg3+ Kh8 38.Rg1 Rf8 39.Rc1 c4 40.Qc7 Qg7 41.Qxc4 Rb8 42.b3 a5 43.Rf1 Rh2
44.h4 Rh3 45.Rf7 Rh1+ 46.Rf1 Rxf1+ 47.Qxf1 Re8 48.Ka2 Qc7 49.Qf5 h5 50.a4 Rc8
51.Qf6+ Qg7 52.Qf5 Rc7 53.Qe4 Qf6 54.Qa8+ Kg7 55.Qg2+ Kf8 56.Qa8+ Ke7 57.Qe4+ Qe6
58.Qxh7+ Kd6 59.Qd3+ Qd5 60.Qg6+ Kc5 61.Qg1+ Kc6 62.Qg6+ Kc5 63.Qh6 Qe5 64.Qf8+ Kd4
65.Qf2+ Kd5 66.Bd3 Kd6 67.Bc4 Kc6 68.Bf1 Qc5 69.Qf6+ Kb7 70.Bd3 Re7 71.Bc4 Rd7
72.Qf3+ Ka7 73.Kb1 Qd4 74.Be2 Re7 75.Bd1 Rd7 76.Be2 Qxh4 77.Qe3+ Rd4 78.Bxh5 Qh1+
79.Kb2 Qe4 80.Qg5 Qd5 81.Qe7+ Kb6 82.Qe3 Qc5 83.Bf3 Rd6 84.Qe2 Rf6 85.Ka2 Ka7
86.Qe4 Rxf3 87.Qxf3  1/2-1/2

[Event "11th Aeroflot Open B"]
[Site "Moscow RUS"]
[Date "2012.02.12"]
[Round "6"]
[White "Hayrapetian,O"]
[Black "Obolenskikh,D"]
[Result "1/2-1/2"]
[WhiteElo "2406"]
[BlackElo "2510"]

1.d4 d5 2.Nf3 Nf6 3.c4 c6 4.Nc3 e6 5.e3 Nbd7 6.Bd3 dxc4 7.Bxc4 b5 8.Bd3 b4
9.Ne4 Nxe4 10.Bxe4 Bb7 11.O-O Bd6 12.b3 Nf6 13.Bd3 c5 14.Qe2 Bxf3 15.Qxf3 cxd4
16.exd4 O-O 17.Bg5 Be7 18.Bxf6 Bxf6 19.Rad1 Rc8 20.Qe4 g6 21.Bc4 Qd6 22.Rd3 Rc7
23.Rfd1 Rd8 24.f4 Re7 25.g3 Kg7 26.Kg2 Qb6 27.R1d2 Rd6 28.h3 a5 29.Rd1 Qc7
30.Qa8 Rd8 31.Qf3 Qd6 32.Qe4 Qb6 33.R1d2 Rd6 34.Rd1 Qd8 35.R1d2 Qd7 36.Rd1 a4
37.R1d2 Qa7 38.g4 Kf8 39.h4 axb3 40.axb3 Qb6 41.g5 Bg7 42.h5 gxh5 43.Qxh7 Rxd4
44.Rxd4 Bxd4 45.Qxh5 Ra7 46.g6 fxg6 47.Qh3 Bc3 48.Rf2 Qc6+ 49.Qf3 Qxf3+ 50.Kxf3 Kf7
51.Re2 Re7 52.Kg4 Kf6 53.Re3 Bd4 54.Re2 Re8 55.Re1 e5 56.fxe5+ Bxe5 57.Rf1+ Kg7
58.Re1  1/2-1/2

[Event "FSFMA2 February"]
[Site "Budapest HUN"]
[Date "2012.02.13"]
[Round "9.1"]
[White "Arias Castanedo,J"]
[Black "Bayramsahedov,Rovshen"]
[Result "0-1"]
[WhiteElo "1940"]
[BlackElo "1987"]

1.Nf3 d5 2.d4 c6 3.c4 Nf6 4.Nc3 e6 5.e3 Nbd7 6.Bd3 dxc4 7.Bxc4 b5 8.Bd3 Bb7
9.O-O a6 10.e4 c5 11.e5 Nd5 12.Nxd5 Bxd5 13.a4 c4 14.Bb1 Be7 15.Nd2 Qb6 16.Ne4 b4
17.Be3 a5 18.Qg4 Rg8 19.Ng5 Bxg5 20.Qxg5 Nf8 21.f4 Qd8 22.Qg4 Qe7 23.f5 g6
24.fxe6 Nxe6 25.Be4 Qb7 26.Bxd5 Qxd5 27.Qh4 h5 28.Rad1 Rd8 29.Rf6 Rg7 30.h3 c3
31.bxc3 bxc3 32.Rff1 Qb3 33.Rb1 Qxa4 34.Rb7 Rd7 35.Rb8+ Rd8 36.Rfb1 Qa2 37.R1b7 g5
38.Qe4 Qa4 39.Rxd8+ Nxd8 40.Rc7 g4 41.hxg4 hxg4 42.Kh2 g3+ 43.Kh3 Qd1  0-1

[Event "11th Aeroflot Open B"]
[Site "Moscow RUS"]
[Date "2012.02.13"]
[Round "7"]
[White "Reshetnikov,Al"]
[Black "Grishchenko,S1"]
[Result "1-0"]
[WhiteElo "2514"]
[BlackElo "2489"]

1.c4 Nf6 2.Nc3 c6 3.Nf3 d5 4.e3 e6 5.d4 Nbd7 6.Qc2 Bd6 7.Bd3 O-O 8.O-O Qe7
9.e4 dxc4 10.Bxc4 e5 11.h3 b5 12.Bd3 exd4 13.Nxd4 Ne5 14.Be2 b4 15.Na4 Ng6
16.Nxc6 Qxe4 17.Qxe4 Nxe4 18.Bf3 Re8 19.Rd1 Bf8 20.Nxb4 Nh4 21.Nd5 Nxf3+
22.gxf3 Bd7 23.fxe4 Bxa4 24.b3 Bc6 25.f3 f5 26.Nc7 Bc5+ 27.Kh2 fxe4 28.Nxe8 Rxe8
29.fxe4 Rxe4 30.Rd2 Re6 31.a4 Rg6 32.Ba3 Bb6 33.Bd6 Be3 34.Rf1 h5 35.Re2 h4
36.Bf4 Rg1 37.Ref2 Bxf4+ 38.Kxg1 Be3 39.Re1 Bd4 40.Rd1 Be3 41.Rd3 Bc5 42.Rc3 Bxf2+
43.Kxf2 Bd7 44.Kg2 a5 45.Rc5 Be6 46.Rxa5 Bxb3 47.Ra7 Kf8 48.a5 g5 49.a6 Bc4
50.Kf2 Ke8 51.Ra8+  1-0

[Event "3rd Novy Bor Open"]
[Site "Novy Bor CZE"]
[Date "2012.02.13"]
[Round "3"]
[White "Nguyen,P"]
[Black "Lacha,Ja"]
[Result "1-0"]
[WhiteElo "2378"]
[BlackElo "1941"]

1.d4 d5 2.c4 c6 3.Nc3 e6 4.e3 Nf6 5.Nf3 Bd6 6.Qc2 Nbd7 7.g4 h6 8.Bd2 b6 9.cxd5 exd5
10.g5 hxg5 11.Nxg5 Bb7 12.O-O-O Qe7 13.f3 Nh5 14.e4 Bf4 15.Rg1 Bxd2+ 16.Rxd2 Nf4
17.exd5 cxd5 18.Bb5 Rd8 19.Qf5 Ne6 20.Re2 g6 21.Qg4 a6 22.Nxe6 Rh4 23.Nxd8 Rxg4
24.Rxe7+ Kxe7 25.fxg4 Kxd8 26.Bxd7 Kxd7 27.Re1  1-0

[Event "ch-ROU Men 2012"]
[Site "Sarata Monteoru ROU"]
[Date "2012.02.13"]
[Round "4.33"]
[White "Telea,S"]
[Black "Tudose,C"]
[Result "1/2-1/2"]
[WhiteElo "2112"]
[BlackElo "1854"]

1.Nf3 d5 2.d4 Nf6 3.c4 c6 4.Nc3 e6 5.e3 Bd6 6.Bd3 Nbd7 7.O-O O-O 8.e4 dxe4
9.Nxe4 Nxe4 10.Bxe4 f5 11.Bc2 e5 12.c5 Be7 13.dxe5 Nxc5 14.Qe2 Qc7 15.Be3 Ne6
16.Qc4 Kh8 17.b4 a5 18.a3 b5 19.Qc3 c5 20.bxc5 Nxc5 21.Rfc1 b4 22.axb4 axb4
23.Qxb4 Rxa1 24.Rxa1 Nd3 25.Qd2 Nxe5 26.Ra7 Nxf3+ 27.gxf3 Qe5 28.Bd4 Qe6
29.Bxg7+ Kxg7 30.Qg5+ Kh8 31.Qxe7 Rg8+ 32.Kh1 Qg6 33.Qe5+ Rg7 34.Rxg7 Qxg7
35.Qe8+ Qg8 36.Qe5+ Qg7 37.Qe8+ Qg8 38.Qxg8+ Kxg8 39.f4 Kg7 40.Kg2 Kf6 41.Kg3 Bb7
42.Bd1 h6 43.Bf3 Bc8 44.Bd5 Bd7 45.Kf3 Ke7 46.Ke3 Kd6 47.Kd4 Bb5 48.Bc4 Bc6
49.Bd3 Bd7 50.Kc4 Kc6 51.Bc2 Be6+ 52.Kb4 Kb6 53.Bb3 Bc8 54.Bd5 Kc7 55.Kc5 Kd7
56.Ba8 Ke6 57.Kc6 Ba6 58.Kc7 Bb5 59.Bc6 Bc4 60.Bd7+ Kf6 61.Kd8 Bb3 62.Ke8 Bf7+
63.Kf8 Bc4 64.Be8 Bb3 65.h4 Bd5 66.h5 Bc4 67.Bg6 Bd5 68.Bh7 Bf3 69.Bg6 Bd5  1/2-1/2

[Event "11th Aeroflot Open B"]
[Site "Moscow RUS"]
[Date "2012.02.14"]
[Round "8"]
[White "Atalik,E"]
[Black "Antipov,M2"]
[Result "1/2-1/2"]
[WhiteElo "2481"]
[BlackElo "2436"]

1.d4 Nf6 2.c4 c6 3.Nc3 d5 4.e3 e6 5.Nf3 Nbd7 6.Qc2 Bd6 7.Bd3 O-O 8.O-O dxc4
9.Bxc4 b5 10.Bd3 Bb7 11.e4 e5 12.h3 Re8 13.Rd1 Qb8 14.dxe5 Nxe5 15.Nxe5 Bxe5
16.Be3 Bh2+ 17.Kh1 Bf4 18.Bxf4 Qxf4 19.Kg1 a6 20.Ne2 Qc7 21.Rac1 c5 22.Qxc5 Qxc5
23.Rxc5 Bxe4  1/2-1/2

[Event "11th Aeroflot Open B"]
[Site "Moscow RUS"]
[Date "2012.02.14"]
[Round "8"]
[White "Hayrapetian,O"]
[Black "Bogdanovich,S"]
[Result "1/2-1/2"]
[WhiteElo "2406"]
[BlackElo "2513"]

1.d4 d5 2.Nf3 c6 3.c4 Nf6 4.Nc3 e6 5.e3 Nbd7 6.Bd3 dxc4 7.Bxc4 b5 8.Be2 Bb7
9.O-O a6 10.e4 c5 11.d5 exd5 12.e5 Ne4 13.Nxe4 dxe4 14.e6 fxe6 15.Ng5 Qb6
16.Be3 Nf6 17.b4 Bd5 18.a4 Rb8 19.Qc2 Be7 20.axb5 axb5 21.bxc5 Qc6 22.Ra7 h6
23.Bf4 Rc8 24.Rxe7+ Kxe7 25.Bd6+ Ke8 26.Qb2 Qd7 27.Bxb5 Bc6 28.Bxc6 Rxc6
29.Nh3 Kf7 30.f3 Qa7 31.Kh1 exf3 32.Rxf3 Rd8 33.g4 Ra6 34.Nf2 Ra1+ 35.Kg2 Qa6
36.Be5 Qf1+ 37.Kg3 Qg1+ 38.Kh3 Rb1 39.Qc3 Qf1+ 40.Kg3 Qg1+ 41.Kh3 Rc1 42.Qb2 Qf1+
43.Kg3 Qg1+ 44.Kh3 Qf1+ 45.Kg3 Rb1 46.Qc3 Qg1+ 47.Kh3 Rdb8 48.Bxf6 R8b3 49.Bd4+ Ke8
50.Qxb3 Qf1+ 51.Kg3 Qg1+ 52.Kf4 Qxh2+ 53.Ke4 Rxb3 54.Rxb3 h5 55.gxh5 Qxh5
56.Rb8+ Kd7 57.Rb7+ Kc8 58.Rxg7 Qd5+ 59.Ke3 e5 60.Rg4 exd4+ 61.Rxd4 Qxc5
62.Ne4 Qe5 63.Rd3 Kc7 64.Rd6 Qxe4+ 65.Kxe4 Kxd6  1/2-1/2

[Event "ch-ROU Men 2012"]
[Site "Sarata Monteoru ROU"]
[Date "2012.02.14"]
[Round "2.56"]
[White "Balea,Dumitru-Lucian"]
[Black "Moldoveanu,Paul"]
[Result "0-1"]
[WhiteElo "1490"]
[BlackElo "1859"]

1.d4 d5 2.c4 c6 3.e3 Nf6 4.Nc3 e6 5.Nf3 Nbd7 6.b3 Bb4 7.Bd2 O-O 8.Qc2 Re8
9.a3 Bf8 10.c5 e5 11.b4 e4 12.Ng1 Ng4 13.h3 Nh6 14.O-O-O b5 15.Kb2 a5 16.Ra1 axb4
17.axb4 Rxa1 18.Kxa1 Bb7 19.Nge2 Qc7 20.Ng3 Ra8+ 21.Kb2 g6 22.Be2 Bg7 23.Ra1 Qb8
24.Qb1 f5 25.Rxa8 Qxa8 26.Qa1 Qxa1+ 27.Kxa1 Nb8 28.Kb2 Kf7 29.Na2 Ke6 30.Nc1 f4
31.Nf1 g5 32.Kc3 Nf5 33.Bg4 Nd7 34.exf4 Bxd4+ 35.Kb3 gxf4 36.Bxf4 Bxf2 37.Ne2 Ne5
38.Bxf5+ Kxf5 39.g4+ Kf6 40.Ne3 Nf3 41.Nf5 Bc8 42.Neg3 Bxf5 43.Nxf5 Nd4+
44.Nxd4 Bxd4 45.Kc2 Be5 46.Bc1 d4 47.h4 Bg3 48.Bg5+ Ke5 49.h5 d3+ 50.Kd1 Bf4
51.Be7 Kd4 52.g5 e3 53.g6  0-1

[Event "11th Aeroflot Open B"]
[Site "Moscow RUS"]
[Date "2012.02.15"]
[Round "9"]
[White "Goryachkina,A"]
[Black "Petrosyan,M"]
[Result "0-1"]
[WhiteElo "2333"]
[BlackElo "2205"]

1.d4 d5 2.c4 c6 3.Nc3 Nf6 4.e3 e6 5.Nf3 Nbd7 6.Qc2 Bd6 7.Bd3 dxc4 8.Bxc4 O-O
9.O-O b5 10.Bd3 Bb7 11.e4 e5 12.h3 exd4 13.Nxd4 Nc5 14.Rd1 b4 15.Nf5 bxc3
16.Qxc3 Be7 17.Bg5 Ne6 18.Bh4 Re8 19.Bc4 Qc7 20.e5 Ne4 21.Qe3 Bxh4 22.Nxh4 N4c5
23.f4 Ba6 24.Bxa6 Nxa6 25.f5 Nf8 26.Qe2 Nc5 27.Nf3 Ncd7  0-1

[Event "ch-ROU Men 2012"]
[Site "Sarata Monteoru ROU"]
[Date "2012.02.16"]
[Round "5.34"]
[White "Dumitrascu,C"]
[Black "Olinici,Emanuel"]
[Result "1-0"]
[WhiteElo "2086"]
[BlackElo "1794"]

1.d4 d5 2.Nf3 c6 3.e3 Nf6 4.c4 e6 5.Nc3 Bd6 6.Qc2 O-O 7.Bd2 Nbd7 8.Bd3 dxc4
9.Bxc4 e5 10.O-O Re8 11.Ng5 Re7 12.Nce4 Nxe4 13.Nxe4 Bc7 14.Bb4 Re8 15.Qb3 Re7
16.Bxe7 Qxe7 17.Rfe1 b5 18.Bd3 Qh4 19.g3 Qh5 20.Qc2 Bb7 21.Nc5 Nxc5 22.dxc5 Re8
23.Rad1 Bc8 24.Be2 Qh6 25.a4 a6 26.axb5 cxb5 27.b4 Qh3 28.Bf3 Re6 29.Bg2 Qh5
30.Qe2 Qg5 31.Bh3 f5 32.e4 Rh6 33.Bxf5 Bxf5 34.exf5 Qxf5 35.Qe4 Qxe4 36.Rxe4 Rf6
37.Kf1 Kf8 38.Ke2 Ke7 39.f4 Ke6 40.fxe5 Bxe5 41.Rd6+ Kf5 42.Rxf6+ Kxf6 43.Kd3 h6
44.Re2 Ke6 45.Ra2  1-0

[Event "Vladimir Petrov Mem A 2012"]
[Site "Jurmala LAT"]
[Date "2012.02.17"]
[Round "7.2"]
[White "Kovalenko,I"]
[Black "Grachev,B"]
[Result "1/2-1/2"]
[WhiteElo "2587"]
[BlackElo "2693"]

1.d4 d5 2.c4 c6 3.Nf3 Nf6 4.Nc3 e6 5.e3 Nbd7 6.Qc2 Bd6 7.Bd3 dxc4 8.Bxc4 b5
9.Be2 Bb7 10.O-O O-O 11.e4 e5 12.Rd1 Qc7 13.g3 Rfe8 14.dxe5 Nxe5 15.Nd4 Neg4
16.a3 Rad8 17.Bxg4 Nxg4 18.h3 Ne5 19.Nf5 Bc8 20.Nxd6 Rxd6 21.Bf4 Rxd1+ 22.Rxd1 Qe7
23.Kg2 Ng6 24.Qd2 Qe6 25.g4 h5 26.f3 a5 27.Bg3 hxg4 28.hxg4 b4 29.axb4 axb4
30.Ne2 c5 31.Rc1 Qb6 32.Qd6 Qb5 33.Nf4 Nxf4+ 34.Bxf4 Qe2+ 35.Kg3 Be6 36.Qd2 Qxd2
37.Bxd2 Rd8 38.Be3 c4 39.Bc5 b3 40.Bb4 g5 41.Bc3 Kh7 42.Kf2 Kg6 43.Ke2 Rd7
44.Ra1 Rd8 45.Ra5 Rd3 46.Rc5 Rd6 47.Bd2 f6 48.Bc3 Ra6 49.Ke3 Rd6 50.Kf2 Kf7
51.Ke2 Ra6 52.e5 f5 53.gxf5 Bxf5 54.Rxc4 Be6 55.Rb4 Kg6 56.Ke3 Rc6 57.Rb8 Kf7
58.Bb4 Kg7 59.Bc3 Kf7 60.Kd2 Bd5 61.Ke3 Be6 62.Ra8 Bd5 63.Ra1 Kg6 64.Rd1 Be6
65.Rc1 Bf5 66.Kd4 Be6 67.Rh1 Rc4+ 68.Kd3 Rc8 69.Ra1 Rd8+ 70.Ke3 Rc8 71.Ra6 Kf5
72.Rb6 Rh8 73.Rb4 Rc8  1/2-1/2

[Event "TCh-CAT 2012"]
[Site "Catalunya ESP"]
[Date "2012.02.18"]
[Round "4.8"]
[White "Codina Garcia,J"]
[Black "Bravo Barranco,N"]
[Result "0-1"]
[WhiteElo "2130"]
[BlackElo "2238"]

1.d4 d5 2.Nf3 c6 3.c4 Nf6 4.e3 e6 5.Nc3 Nbd7 6.Bd3 dxc4 7.Bxc4 b5 8.Bd3 Bb7
9.O-O a6 10.Qe2 c5 11.Rd1 Qb8 12.e4 cxd4 13.Nxd4 Bd6 14.h3 O-O 15.a3 Re8
16.Bc2 Nf8 17.Nb3 Qc7 18.Be3 Rac8 19.Bd3 Qb8 20.Rac1 Ng6 21.Na5 Ba8 22.b4 Bh2+
23.Kh1 Be5 24.Bc5 Nf4 25.Qe3 Nxd3 26.Qxd3 Bxc3 27.Qxc3 Nxe4 28.Qe3 Qe5 29.Nb3 Qf5
30.Kg1 Qg6 31.f3 Ng3 32.Nd4 e5 33.Ne2 Nf5 34.Qf2 e4 35.fxe4 Rxe4 36.Rd2 Rce8
37.Rcd1 Qg5 38.Kh2 h6 39.Ng1 Rf4 40.Nf3 Bxf3 41.gxf3 Nh4 42.Rd3 Qf5 43.Bd4 Nxf3+
44.Rxf3 Rxf3 45.Qg2 Qf4+ 46.Kh1 Rg3  0-1

[Event "e2e4 Brighton Masters"]
[Site "Brighton ENG"]
[Date "2012.02.19"]
[Round "8"]
[White "Vuilleumier,A"]
[Black "Longson,A"]
[Result "1/2-1/2"]
[WhiteElo "2359"]
[BlackElo "2281"]

1.d4 d5 2.c4 e6 3.Nc3 c6 4.e3 Nf6 5.Nf3 Nbd7 6.b3 Bd6 7.Bd3 O-O 8.O-O b6
9.Bb2 Bb7 10.e4 dxe4 11.Nxe4 Nxe4 12.Bxe4 Nf6 13.Bc2 c5 14.Ne5 Be4 15.Bxe4 Nxe4
16.Qe2 Nf6 17.Rad1 Qc7 18.Rd3 Rfd8 19.Rfd1 cxd4 20.Rxd4 Bc5 21.Rxd8+ Rxd8
22.Rxd8+ Qxd8 23.Qd3 Qxd3 24.Nxd3 Nd7 25.Nxc5 bxc5 26.f3 f6 27.Kf2 Kf7 28.Ke3 e5
29.a3 Ke6 30.b4 f5 31.Kd3 g5 32.Bc1 f4 33.Bd2 h5 34.Be1 cxb4 35.axb4 a6 36.Bf2 Nf6
37.Bb6 g4 38.Bc7 Ne8 39.Bd8 gxf3 40.gxf3 Nd6 41.Bb6 Nf7 42.h4 Nd6 43.Bc5 Nf5
44.Bf2 Ne7 45.Ke4 Ng8 46.Bb6 Nf6+ 47.Kd3 Ne8 48.Bf2 Nf6 49.Ba7 Ne8 50.Bb8 Nf6
51.Ke2 Nd7 52.Bc7 Nf6 53.Ba5 Ne8 54.Bb6 Nf6 55.Kd3 Ne8 56.Bd8 Nd6 57.c5 Nf7
58.c6 Kd5 59.c7 Nd6 60.Be7 Nc8 61.Bc5 a5 62.Bf8 axb4 63.Bxb4 Nb6 64.Ba5 Nc8
65.Be1 Nd6 66.Bf2 Nc8 67.Be1 Nd6 68.Bb4 Nc8 69.Bf8 Nb6 70.Be7 Nc8 71.Bd8 Nd6
72.Kc3 e4 73.fxe4+ Kxe4 74.Kd2 Nc8 75.Bg5 Nd6 76.Ke2 Nc8 77.Kf2 Nd6 78.Be7 Nc8
79.Bc5 Kd5 80.Bb4 Ke4 81.Bc5 Kd5  1/2-1/2

[Event "72nd Noteboomturnier Open A"]
[Site "Leiden NED"]
[Date "2012.02.19"]
[Round "5.7"]
[White "Van Ketel,R"]
[Black "Smeets,J"]
[Result "0-1"]
[WhiteElo "2275"]
[BlackElo "2607"]

1.d4 d5 2.c4 c6 3.Nc3 Nf6 4.e3 e6 5.Nf3 Nbd7 6.Qc2 Bd6 7.g4 Bb4 8.Bd2 b6
9.cxd5 cxd5 10.Nb5 Bxd2+ 11.Nxd2 O-O 12.g5 Ne4 13.Nxe4 dxe4 14.Qxe4 Rb8 15.Rg1 a6
16.Nc3 b5 17.Qh4 Bb7 18.Bd3 g6 19.Rd1 Qa5 20.Kf1 e5 21.Rg3 Rfd8 22.d5 b4
23.Ne4 Bxd5 24.Nf6+ Nxf6 25.gxf6 Qb6 26.Rh3 h6 27.Qxh6 Qxf6 28.Qh7+ Kf8 29.Qh8+ Ke7
30.Qxf6+ Kxf6 31.b3 e4 32.Be2 a5 33.f3 Rbc8 34.Rd4 Be6 35.Rh4 Rxd4 36.exd4 exf3
37.Bxf3 Rc1+ 38.Ke2 Rc2+ 39.Kd3 Rxa2 40.d5 Bf5+ 41.Kd4 a4 42.Kc5 axb3  0-1

[Event "10th Nancy GMA 2012"]
[Site "Nancy FRA"]
[Date "2012.02.20"]
[Round "1"]
[White "David,Alb"]
[Black "Bauer,Ch"]
[Result "1/2-1/2"]
[WhiteElo "2598"]
[BlackElo "2679"]

1.d4 d5 2.c4 e6 3.Nc3 c6 4.e3 Nf6 5.Nf3 Nbd7 6.Bd3 dxc4 7.Bxc4 b5 8.Bd3 Bd6
9.Bd2 Bb7 10.Ne2 a6 11.b4 Qe7 12.Qb1 Rd8 13.e4 e5 14.Ng3 g6 15.O-O h5 16.Nh4 Rg8
17.f4 Ng4 18.Nf3 exf4 19.e5 Bxe5 20.dxe5 Ndxe5 21.Nxe5 Nxe5 22.Bxf4 Nxd3
23.Qb3 Rd5 24.Rf3 Qxb4 25.Qxb4 Nxb4 26.Ne4 f5 27.Nf6+ Kf7 28.Nxg8 Kxg8 29.Re1 Kf7
30.Rfe3 Rd7 31.Bg5 Nd5 32.Re8 Nf6 33.Rh8 c5 34.Bh6 Be4 35.Rf8+ Ke6 36.Ra8 Rd6
37.Ra7 Nd7 38.Bf4 Rc6 39.Rd1 Nb6 40.Rxa6 b4 41.h4 Nc4 42.Ra8 Nb2 43.Re8+ Kf7
44.Rdd8 Nd3 45.Bg5 Rc7 46.Rf8+ Ke6 47.g3 Ra7 48.Rfe8+ Kf7 49.Rf8+ Ke6 50.Rf6+ Ke5
51.Rfd6 f4 52.Rxd3 Bxd3 53.Rxd3 fxg3 54.Rd2 c4 55.Kg2 c3 56.Re2+ Kd4 57.Kxg3 Kd3
58.Re3+ Kd4 59.Re2 Kd3 60.Re3+ Kd4 61.Re2  1/2-1/2

[Event "Caissa GM Feb 2012"]
[Site "Kecskemet HUN"]
[Date "2012.02.23"]
[Round "6.1"]
[White "Nagy,Ga1"]
[Black "Antal,T"]
[Result "1/2-1/2"]
[WhiteElo "2354"]
[BlackElo "2352"]

1.d4 d5 2.c4 e6 3.Nf3 Nf6 4.Nc3 c6 5.e3 Nbd7 6.Bd3 dxc4 7.Bxc4 b5 8.Bd3 Bb7
9.e4 b4 10.Na4 c5 11.e5 Nd5 12.Nxc5 Nxc5 13.dxc5 Bxc5 14.O-O h6 15.Nd2 O-O
16.Ne4 Bd4 17.Nd6 Bxe5 18.Nxb7 Qb6 19.Qe2 Bf6 20.Qh5 Qxb7 21.Bxh6 Rfd8 22.Bg5 g6
23.Qh4 Nf4 24.Qxf4 Bxg5 25.Qg3 Bf6 26.Rae1 Rac8 27.Be4 Qb8 28.Qb3 Kg7 29.Re2 Qb5
30.Qf3 Rd4 31.g3 Rcd8 32.Rfe1 Rd1 33.Rxd1 Rxd1+ 34.Kg2 Bxb2 35.Bc2 Rd8 36.Bxg6 fxg6
37.Rxb2 a5 38.a3 Rd3 39.Qe4 Rd1 40.Re2 Qd5 41.axb4 axb4 42.Qxd5  1/2-1/2

[Event "TCh-ISR 2011-12"]
[Site "Israel ISR"]
[Date "2012.02.24"]
[Round "9.1"]
[White "Roiz,M"]
[Black "Eljanov,P"]
[Result "1/2-1/2"]
[WhiteElo "2651"]
[BlackElo "2691"]

1.d4 d5 2.c4 c6 3.e3 Nf6 4.Nc3 e6 5.Nf3 a6 6.Bd2 Nbd7 7.Qc2 dxc4 8.a4 c5
9.Bxc4 cxd4 10.exd4 Be7 11.O-O O-O 12.Rfe1 Nb6 13.Bd3 Nbd5 14.Nxd5 Qxd5 15.Bg5 h6
16.Bf4 Qd8 17.Qc1  1/2-1/2

[Event "Schachbundesliga 2011-12"]
[Site "Hockenheim GER"]
[Date "2012.02.25"]
[Round "10"]
[White "Medvegy,Z"]
[Black "Abel,D"]
[Result "1-0"]
[WhiteElo "2531"]
[BlackElo "2427"]

1.c4 c6 2.Nc3 d5 3.e3 Nf6 4.d4 e6 5.Nf3 Nbd7 6.Qc2 b6 7.Bd3 Bb7 8.O-O Be7
9.b3 O-O 10.Bb2 Rc8 11.Qe2 Qc7 12.Rad1 c5 13.cxd5 exd5 14.Bf5 Rcd8 15.Rc1 Rfe8
16.Rfd1 Bf8 17.Ba3 Bc6 18.Qa6 Nb8 19.Qe2 Nbd7 20.Bxd7 Nxd7 21.dxc5 bxc5 22.Nxd5 Qa5
23.Qb2 Rb8 24.b4 cxb4 25.Bxb4 Qa4 26.Qc3 Bxd5 27.Bxf8 Nxf8 28.Rxd5 Qxa2 29.Ra5 Rec8
30.Rxa2 Rxc3 31.Rca1 Rb7 32.g4 Rcc7 33.Nd4 Ne6 34.Nxe6 fxe6 35.Ra6 Kf7 36.R1a4 Kf6
37.Kg2 g5 38.Kg3 h6 39.R4a5 Rd7 40.h4 gxh4+ 41.Kxh4 Rb2 42.Kg3 Rb6 43.Rxa7 Rxa7
44.Rxa7 Rb5 45.f4 Rb3 46.Kf3 Rb5 47.Ra6 Kf7 48.Ra4 Kf6 49.Ke4 Rb6 50.Ra5 Rb4+
51.Kf3 Rb6 52.Ke4 Rb4+ 53.Kd3 Rb3+ 54.Kd4 Rb4+ 55.Kc3 Re4 56.Kd3 Rb4 57.Ra6 Rb3+
58.Kd4 Rb4+ 59.Kc3 Rb1 60.f5 Kg5 61.fxe6 Kxg4 62.e7 Rb8 63.Re6 Re8 64.Kd4 h5
65.Ke5 h4 66.Kf6 h3 67.Kf7 Kg5 68.Rg6+ Kh5 69.Rg1  1-0

[Event "Caissa GM Feb 2012"]
[Site "Kecskemet HUN"]
[Date "2012.02.25"]
[Round "8.2"]
[White "Galyas,M"]
[Black "Antal,T"]
[Result "1/2-1/2"]
[WhiteElo "2467"]
[BlackElo "2352"]

1.d4 d5 2.c4 e6 3.Nc3 c6 4.e3 Nf6 5.Nf3 Nbd7 6.Qc2 Bd6 7.Bd3 O-O 8.O-O dxc4
9.Bxc4 b5 10.Bd3 Bb7 11.Ng5 h6 12.Nge4 Be7 13.Nxf6+ Nxf6 14.Ne4 Nxe4 15.Bxe4 Rc8
16.Bd2 a5 17.a3 b4 18.Qa4 Ba6 19.Rfc1 Bb5 20.Qd1 Qb6 21.Qe1 Ba6 22.axb4 axb4
23.Ra4 Bb5 24.Raa1 Ba6 25.Ra4  1/2-1/2

[Event "16th Metropolitan IM"]
[Site "Los Angeles USA"]
[Date "2012.02.25"]
[Round "7"]
[White "Kavutskiy,K"]
[Black "Troff,Kayden W"]
[Result "1/2-1/2"]
[WhiteElo "2315"]
[BlackElo "2257"]

1.d4 d5 2.c4 c6 3.Nc3 Nf6 4.e3 e6 5.Nf3 Nbd7 6.Qc2 b6 7.Bd3 Bb7 8.O-O Be7
9.b3 O-O 10.Bb2 h6 11.Rad1 Qc7 12.Rfe1 Rfe8 13.h3 Rad8 14.cxd5 cxd5 15.Qb1 Rc8
16.Rc1 Qb8 17.Rc2 Red8 18.Rec1 Ne8 19.Ne2 Bd6 20.Qa1 Nc7 21.Qb1 Ne8 22.Rxc8 Rxc8
23.Rxc8 Qxc8 24.Ne5 Nef6 25.Ng3 Bb4 26.Qd1 Bc3 27.Nxd7 Nxd7 28.Bxc3 Qxc3
29.Nh5 g6 30.Nf4 Nf8 31.h4 Kg7 32.h5 g5 33.Ne2 Qb2 34.a4 Nd7 35.f4 g4 36.Ng3 f5
37.Bxf5 exf5 38.Nxf5+ Kf6 39.Nxh6 g3 40.Qe1 Qxb3 41.Ng4+ Kf5 42.h6 Nf8 43.Ne5 Ke4
44.Ng4 Kf5 45.Ne5 Ke4 46.Ng4  1/2-1/2

[Event "Schachbundesliga 2011-12"]
[Site "Bochum GER"]
[Date "2012.02.26"]
[Round "11"]
[White "Appel,R"]
[Black "Siebrecht,S"]
[Result "1-0"]
[WhiteElo "2529"]
[BlackElo "2471"]

1.d4 d5 2.c4 c6 3.Nc3 Nf6 4.Nf3 e6 5.e3 Nbd7 6.b3 b6 7.Bd3 Bb7 8.O-O Be7
9.Qe2 O-O 10.Bb2 Re8 11.Rfd1 Qc7 12.Rac1 Rad8 13.h3 Qb8 14.e4 dxe4 15.Nxe4 Nxe4
16.Qxe4 Nf6 17.Qe2 c5 18.dxc5 Bxc5 19.Ne5 Qa8 20.Ng4 Ne4 21.b4 Be7 22.f3 Nf6
23.Nxf6+ Bxf6 24.Bxf6 gxf6 25.Qe1 Qb8 26.Qh4 f5 27.Qg5+ Kh8 28.Qf6+ Kg8 29.Qg5+ Kh8
30.Qf6+ Kg8 31.Be2 Qf4 32.Kf2 Qc7 33.a3 a5 34.h4 axb4 35.axb4 b5 36.c5 Rxd1
37.Rxd1 Bd5 38.h5 Kf8 39.Ra1 Rb8 40.h6 f4 41.Bd3 Rd8 42.Ra7  1-0

[Event "Caissa GM Feb 2012"]
[Site "Kecskemet HUN"]
[Date "2012.02.26"]
[Round "9.5"]
[White "Sax,G"]
[Black "Galyas,M"]
[Result "1/2-1/2"]
[WhiteElo "2486"]
[BlackElo "2467"]

1.d4 d5 2.c4 c6 3.Nf3 Nf6 4.Nc3 e6 5.e3 Nbd7 6.Qc2 b6 7.Bd3 Bb7 8.O-O Bd6
9.e4 dxe4 10.Nxe4 Nxe4 11.Bxe4 Qc7 12.Be3 Nf6 13.c5 Be7 14.Bd3 O-O 15.b4 h6
16.Qd2 Nd5 17.Bxh6 gxh6 18.Qxh6 f5 19.Qg6+ Kh8 20.Qh6+ Kg8 21.cxb6 axb6 22.Qg6+ Kh8
23.Qh6+  1/2-1/2

[Event "PriFO Champ RUS 2012"]
[Site "Tolyatti RUS"]
[Date "2012.02.29"]
[Round "3.28"]
[White "Afanasiev,D2"]
[Black "Gorozhanin,M"]
[Result "1/2-1/2"]
[WhiteElo "2057"]
[BlackElo "2252"]

1.Nf3 d5 2.c4 c6 3.e3 Nf6 4.Nc3 e6 5.d4 Nbd7 6.Qc2 Bd6 7.Bd3 dxc4 8.Bxc4 b5
9.Bd3 Bb7 10.O-O O-O 11.a3 a5 12.Ng5 Bxh2+ 13.Kxh2 Ng4+ 14.Kg1 Qxg5 15.f3 Ngf6
16.e4 Qh4 17.Be3 e5 18.Ne2 Rfe8 19.Rfd1 Nh5 20.Qd2 Qe7 21.Rac1 g6 22.Bb1 exd4
23.Nxd4 Ne5 24.Ba2 b4 25.a4 Rad8 26.Qf2 c5 27.Nb3 Nd3 28.Rxd3 Rxd3 29.Nxc5 Rdd8
30.Nxb7 Qxb7 31.Bd5 Rxd5 32.exd5 Qxd5 33.Qd2 Qb3 34.Bh6 Qxa4 35.Qd4 Qb3 36.Rc5 f6
37.Rxa5 Qe6 38.Qxb4 g5 39.Bxg5 fxg5 40.Rxg5+ Ng7 41.Qd4 Qe3+ 42.Qxe3 Rxe3
43.Rb5 Re2 44.Kh2 Ne6 45.Rb4 Kg7 46.Re4 Rxe4 47.fxe4 Kg6 48.Kg3 Kg5 49.b4 Nd4
50.e5 Nb5 51.e6 Kf6 52.Kg4 Kxe6 53.Kh5 Kf7 54.Kh6 Kg8 55.g4 Nd6 56.b5 Nxb5
57.g5 Nd6 58.g6 Nf5+ 59.Kg5 h6+ 60.Kxf5  1/2-1/2

[Event "ch-Moscow S/F 2012"]
[Site "Moscow RUS"]
[Date "2012.03.01"]
[Round "5"]
[White "Yakimenko,Alex"]
[Black "Yudkevich,M"]
[Result "1/2-1/2"]
[WhiteElo "2258"]
[BlackElo "2200"]

1.d4 d5 2.c4 c6 3.e3 e6 4.Nf3 Nf6 5.Nc3 Nbd7 6.Qc2 b6 7.Bd3 Bb7 8.O-O Be7
9.Rd1 h6 10.Qe2 Qc7 11.e4 dxe4 12.Nxe4 O-O 13.b3 c5 14.Bb2 Nxe4 15.Bxe4 Bxe4
16.Qxe4 Bf6 17.Rab1 Rfe8 18.g3 Rad8 19.Ba1 Qc8 20.h4 h5 21.Ng5 Bxg5 22.hxg5 cxd4
23.Rxd4 e5 24.Rd6 Nc5 25.Rxd8 Qxd8 26.Qe3 a5 27.Bc3 Kh7 28.Re1 e4 29.Bxa5 Kg6
30.Bc3 Qxg5 31.Qd4 Kh7 32.b4 Nd3 33.Rxe4 Rd8 34.Qe3 Qf5 35.Kg2 Nxf2 36.Rd4 Ng4
37.Qe4 Qxe4+ 38.Rxe4 Rd3 39.Be1 f5 40.Re6 Ne3+ 41.Kf3 Nxc4+ 42.Kf4 Nd6 43.Ke5 Nf7+
44.Kf4 b5 45.Re7 Kg6 46.Re6+ Kh7 47.Re7  1/2-1/2

[Event "TCh-AUT 1st Bundesliga 2012"]
[Site "St. Veit AUT"]
[Date "2012.03.01"]
[Round "4.6"]
[White "Baldauf,Marc"]
[Black "Feher,Ad"]
[Result "1-0"]
[WhiteElo "2374"]
[BlackElo "2340"]

1.d4 d5 2.c4 e6 3.Nc3 c6 4.e3 Nf6 5.Nf3 Nbd7 6.Qc2 Bd6 7.Bd3 O-O 8.O-O dxc4
9.Bxc4 b5 10.Bd3 Bb7 11.a3 a6 12.Ng5 h6 13.Nge4 Be7 14.Rd1 Qb6 15.b4 a5 16.Rb1 axb4
17.axb4 Nxe4 18.Nxe4 Rfd8 19.Bd2 Ra3 20.Bc3 Rda8 21.Nc5 Nxc5 22.dxc5 Qc7
23.Bb2 R3a4 24.Qb3 e5 25.Bc2 Ra2 26.Qd3 Bf6 27.Qh7+ Kf8 28.Bb3 R2a7 29.Rd6 Re8
30.Rbd1 Bc8 31.h3 Qb7 32.f4 Be6 33.Bxe6 fxe6 34.fxe5  1-0

[Event "TCh-AUT 1st Bundesliga 2012"]
[Site "St. Veit AUT"]
[Date "2012.03.01"]
[Round "4.6"]
[White "Durakovic,A"]
[Black "Schachinger,M"]
[Result "1-0"]
[WhiteElo "2201"]
[BlackElo "2391"]

1.d4 d5 2.c4 e6 3.Nc3 c6 4.e3 Nf6 5.Nf3 Nbd7 6.Qc2 Bd6 7.Bd3 O-O 8.O-O dxc4
9.Bxc4 b5 10.Bd3 Bb7 11.Rd1 b4 12.Ne4 Nxe4 13.Bxe4 f5 14.Bd3 c5 15.e4 Rc8
16.Qe2 Kh8 17.Ng5 Qe7 18.Bc4 fxe4 19.Nxe6 Qh4 20.g3 Qh3 21.Ng5 Qf5 22.Be6 Qg6
23.Bxd7 Rcd8 24.Bh3 e3 25.Bxe3 Rde8 26.Qd3 Qxd3 27.Rxd3 c4 28.Rdd1 h6 29.Ne6 Rf6
30.d5 Be5 31.Bd4 Bxd4 32.Rxd4 c3 33.bxc3 bxc3 34.Rc1  1-0